| 000 | 00450nam a2200157Ia 4500 | ||
|---|---|---|---|
| 008 | 230524s9999 xx 000 0 und d | ||
| 082 |
_a658.45 _bBAB |
||
| 100 | _aP.G.Babu | ||
| 245 | 0 | _aEconomic Analysis of Law in India: Theory & Application | |
| 260 |
_aNEW DELHI _bOxford _c2010 |
||
| 300 | _aVII;282 | ||
| 500 | _aQuantity Number: 2 | ||
| 650 | _aEconomics | ||
| 700 | _a" Thomas Eger, A.V.Raja, H.B.Schafer , T.S.Somashekar," | ||
| 942 | _cBK | ||
| 999 |
_c49243 _d49243 |
||